Climate change in Sikkim : patterns, impacts and initiatives (Record no. 444359)

000 -LEADER
fixed length control field 00561cam a22001577a 4500
008 - FIXED-LENGTH DATA ELEMENTS--GENERAL INFORMATION
fixed length control field 180718b2012 xxu||||| |||| 00| 0 eng d
020 ## - INTERNATIONAL STANDARD BOOK NUMBER
International Standard Book Number 9788192043708
082 ## - DEWEY DECIMAL CLASSIFICATION NUMBER
Classification number O91x54151 Ar69c
245 ## - TITLE STATEMENT
Title Climate change in Sikkim : patterns, impacts and initiatives
Statement of responsibility, etc. edited by M.L. Arrawatia and Sandeep Tambe
260 ## - PUBLICATION, DISTRIBUTION, ETC.
Place of publication, distribution, etc. Gangtok
Name of publisher, distributor, etc. Information and public relations department
Date of publication, distribution, etc. 2012
300 ## - PHYSICAL DESCRIPTION
Extent 424p.
650 ## - SUBJECT ADDED ENTRY--TOPICAL TERM
Topical term or geographic name entry element Sustainable biodiversity - India - Sikkim
650 ## - SUBJECT ADDED ENTRY--TOPICAL TERM
Topical term or geographic name entry element Climatic changes -- India - Sikkim
700 ## - ADDED ENTRY--PERSONAL NAME
Personal name Tambe, Sandeep
700 ## - ADDED ENTRY--PERSONAL NAME
Personal name Arrawatia, M.L.
Holdings
Withdrawn status Lost status Damaged status Not for loan Permanent Location Current Location Date acquired Total Checkouts Total Renewals Full call number Barcode Date last seen Date last checked out Price effective from Koha item type
        Indian Institute of Public Administration Indian Institute of Public Administration 2015-03-25 1 1 O91x54151 Ar69c 86083 2022-09-26 2019-06-01 2018-07-21 Book

Powered by Koha